000 01102nam a22002777a 4500
001 9938
003 FISKH
005 20260428104102.0
008 260318b cb ||||| |||| 00| 0 eng d
020 _a9780462004679
040 _aFISKH
_beng
_cFISKH
_dFISKH
082 _a823.92
100 _aByron , Casey
245 _aOllie octopus's restaurant /
_cWritten by Casey Byron : Illustrated by Matt Wilson
250 _aFirst published 2008
260 _aLondon :
_bMarshall Cavendish Limited ,
_c2008.
300 _a16 pages :
_bcolor illustrations ;
_c15 X 19 cm .
490 _aMy Pals Are Here ! Reading Stars
505 _aH
520 _aThis story is about Ollie the octopus, who runs a restaurant under the sea. Ollie works hard to serve his sea-animal customers, but he learns important lessons about helping others, responsibility, and teamwork. The story is fun and simple, with a positive message for young readers.
521 8 _a450
_bLexile estimate
521 8 _aH
_bRaz-Plus
700 _aWilson , Matt
_eIllustrator
942 _2ddc
_cBK
_n0
999 _c9938
_d9938